000 00629nam a22002177a 4500
003 BCEG
005 20260116121027.0
008 260116s1985 mx|||||| |||| 00| 0 spa d
020 _a9684270178
040 _aBCEG
_bspa
_cBCEG
082 0 4 _a330.972
_bA283d
100 1 _aAguilar Monteverde, Alonso,
_d1922-2012.
245 1 0 _aDialéctica de la economía mexicana
_b: del colonialismo al imperialismo.
260 _aMéxico :
_bNuestro Tiempo,
_c1985.
300 _a239 p.
490 _aDesarrollo Económico.
541 _aDonación.
650 1 4 _aDialéctica.
651 4 _aMéxico
_xCondiciones económicas.
942 _cBK
999 _c437017
_d437017